1436 1946 1483 1335 1611 1528 1037 1193 1526 1535 1599 1746 1303 1661 1818 1370 1039 1923 1798 1956 1987 1044 1796 1359 1690 1302 1767 1414 1893 1835 1216 1964 1521 1778 1143 1726 1216 1152 1007 1335 1406 1986 1685 1243 1474 1286 1283 1947 1135 1121 1458 1408 1618 1687 1072 1323 1658 1652 1708 1919 1974 1872 1455 1060 1542 1869 1029 1674 1837 1273 1381 1389 1905 1382 1937 1794 1506 1166 1484 1552 1409 1025 1697 1086 1059 1444 1956 1480 1874 1473 1163 1721 1933 1631 1114 1442 1603 1963 1166 BCNSPRNW ULIB Ver.6.0+V

เปลี่ยนเป็นภาษาไทย

Change to English
 แสดงรายละเอียดบรรณานุกรม
  กลับหน้าหลัก

Brief Record : Get Marc (ISO 2709) : E-mail record : QR code < ปิดหน้าต่าง
LEADER : 00000nam 2200000uu 4500
001    13399127377
003     ULIB
008    200513s2559||||th 000 0 tha d
020    ^a9786169157427
040    ^absi
060 04 ^aWA105^bพ816
245 00 ^aพื้นฐานระบาดวิทยา =^bBasics of epidemiology /^cบรรณาธิการ,คำนวณ อึ้งชูศักดิ์ ... [และคนอื่นๆ]
246 31 ^aBasics of epidemiology
250    ^aพิมพ์ครั้งที่ 3
260    ^aนนทบุรี :^bสมาคมนักระบาดวิทยาภาคสนาม,^c2559
300    ^a317 หน้า :^bภาพประกอบ ;^c26 ซม.
650  2 ^aEpidemiology
650  4 ^aระบาดวิทยา
700 0  ^aคำนวณ อึ้งชูศักดิ์,^eบรรณาธิการ
710 2  ^aสมาคมนักระบาดวิทยาภาคสนาม
945    ^p350^l0^i28238
945    ^p350^l0^i28239
945    ^p350^l0^i28240
995    ^aกัณชพร
999    ^aกัณชพร
รายการนี้ยังไม่มีแท็ก
คุณยังไม่ได้ล็อกอิน คุณสามารถมีกิจกรรมร่วมกับเว็บไซต์ได้ แต่ต้องล็อกอินก่อน ::
  ล็อกอิน

รายการสื่อสารสนเทศ

ลำดับที่ ประเภท เลขเรียก/บาร์โค้ด สถานที่ สถานะ
1. หนังสือสำรอง
หนังสือสำรอง
สถานะ=หนังสือเก่า
WA105 พ816 ฉ.1 
  Barcode: 28238
ห้องสมุดวิทยาเขตนครสวรรค์
►ส่วนจัดเก็บหนังสือเก่า นว.
บนชั้น
  ขอยืม
2. วิทยาศาสตร์การแพทย์ และสุขภาพ
วิทยาศาสตร์การแพทย์ และสุขภาพ
สถานะ=หนังสือเก่า
WA105 พ816 ฉ.2 
  Barcode: 28239
ห้องสมุดวิทยาเขตนครสวรรค์
►ส่วนจัดเก็บหนังสือเก่า นว.
บนชั้น
  ขอยืม
3. วิทยาศาสตร์การแพทย์ และสุขภาพ
วิทยาศาสตร์การแพทย์ และสุขภาพ
สถานะ=หนังสือเก่า
WA105 พ816 ฉ.3 
  Barcode: 28240
ห้องสมุดวิทยาเขตนครสวรรค์
►ส่วนจัดเก็บหนังสือเก่า นว.
บนชั้น
  ขอยืม

รายการใกล้เคียง
    หัวเรื่อง [Epidemiology]
    หัวเรื่อง [ระบาดวิทยา]

BibComment


ยังไม่เคยถูกคอมเมนท์

คอมเมนท์ทรัพยากรรายการนี้
  คอมเมนท์: พื้นฐานระบาดวิทย..


 Copyright 2026. Bcnsprnw @Library